Highest Ranking Team not able to Enter World Cup - Statistics

General Stats
  • This quiz has been taken 274 times
    232 since last reset
  • The average score is 23 of 32
Answer Stats
Answer % Correct
Italy
99%
England
91%
Netherlands
91%
Argentina
90%
France
90%
Spain
90%
Colombia
89%
Chile
88%
Uruguay
88%
FR Yugoslavia
86%
Russia
85%
Mexico
84%
Peru
78%
Soviet Union
78%
Denmark
77%
Austria
76%
Hungary
73%
Turkey
73%
Scotland
72%
Romania
68%
Czechoslovakia
67%
Croatia
66%
Ukraine
66%
Paraguay
65%
Egypt
64%
Czech Republic
63%
East Germany
63%
Wales
62%
Nigeria
58%
Algeria
48%
Slovenia
42%
North Korea
14%
No matching quizzes found
Score Distribution
Percent of People with Each Score
Percentile by Number Answered
Your Score History
You have not taken this quiz since the last reset